Fr. Conceicao Rodrigues College of Engineering

Advanced digital signal processing and noise reduction (Record no. 26761)

MARC details
000 -LEADER
fixed length control field 00387nam a2200181Ia 4500
082 ## - DEWEY DECIMAL CLASSIFICATION NUMBER
Classification number 621.3822
Item number VES
100 ## - MAIN ENTRY--PERSONAL NAME
Personal name Veseghi/Saeed V
250 ## - EDITION STATEMENT
Edition statement 3
245 ## - TITLE STATEMENT
Title Advanced digital signal processing and noise reduction
260 ## - PUBLICATION, DISTRIBUTION, ETC.
Name of publisher, distributor, etc. Wiley
Date of publication, distribution, etc. 2006
366 ## - TRADE AVAILABILITY INFORMATION
Publishers's discount category 20
300 ## - PHYSICAL DESCRIPTION
Extent 453
546 ## - LANGUAGE NOTE
Language note ENGLISH
650 ## - SUBJECT ADDED ENTRY--TOPICAL TERM
Topical term or geographic name entry element DSP
654 ## - SUBJECT ADDED ENTRY--FACETED TOPICAL TERMS
Focus term noise reduction
942 ## - ADDED ENTRY ELEMENTS (KOHA)
Koha item type Reference Book
Holdings
Withdrawn status Lost status Damaged status Not for loan Collection Home library Current library Date acquired Source of acquisition Cost, normal purchase price Inventory number Total Checkouts Full call number Barcode Date last seen Cost, replacement price Price effective from Koha item type
        CRC Fr. Agnel's C.Rodrigues College of Engineering Fr. Agnel's C.Rodrigues College of Engineering 17/03/2023 Mahavir Book Supplier 6412.00 130 dt 24/04/2009   621.3822 VES 19707 17/03/2023 8015.00   Reference Book